Normale Ansicht MARC-Ansicht ISBD

Die Auswirkungen der grossen sozialistischen Oktoberrevolution auf Deutschland (Titelsatznr. 50263)

[ MARC ]
MARC-Details
000 -Satzkennung
Kontrollfeld mit fester Länge 00561nam a22001691cc4500
001 - Kontrollnummer
Kontrollfeld a987670553+[Band2]
035 ## - Systemkontrollnummer
System-Kontrollnummer a987670553
008 - Feld mit fester Länge zur physischen Beschreibung - Allgemeine Angaben
Kontrollfeld mit fester Länge 170707s1959 gw |||| 000u ger d
040 ## - Katalogisierungsquelle
Übertragungsstelle RU-10907106
003 - Kontrollnummer Identifier
Kontrollfeld RU-10907106
245 04 - Titel
Titel Die Auswirkungen der grossen sozialistischen Oktoberrevolution auf Deutschland
Zählung des Teils/der Abteilung eines Werkes [Band 2]
264 ## - Produktion, Veröffentlichung, Distribution, Herstellung und Urheberrechtsvermerk
Herstellungs-, Veröffentlichungs- Vertriebs-, Erzeugungsort Berlin :
Produzent, Herausgeber, Distributor, Hersteller Rütten & Loening,
Datum der Herstellung, der Veröffentlichung, des Vertriebs oder des Urheberschutzvermerks 1959
246 12 - Titelvarianten
Hauptsachtitel/Kurztitel Die Auswirkungen der grossen sozialistischen Oktoberrevolution auf Deutschland
Zählung des Teils/der Abteilung eines Werkes [Band 2]
300 ## - Physische Beschreibung
Umfang S. 353-920
773 08 - Übergeordnete Einheit
Datensatzkontrollnummer a987670553
Zählung und erste Seite [Band2]
942 ## - Zusätzliche Felder (Koha)
Koha-Medientyp Monographien
Exemplare
Ausgeschieden Verloren Klassifikation oder Aufstellungssystematik Beschädigt Nicht entleihbar Heimatbibliothek Aufenthaltsbibliothek Aufstellungsort Erwerbungsdatum Inventarnummer Signatur Barcode Letzte Aktivität Preis gültig von Koha-Medientyp
    Andere/Generische Klassifikation     MWN Osteuropa MWN Osteuropa Magazin - 2 07/07/2017 13-00772 R 61 ec Ste 2 (2) E004015073EBB421 27/05/2019 22/03/2021 Monographien